[Event "Reykjavik Open 2025"]
[Site "Reykjavik"]
[Date "2025.04.11"]
[Round "4.175"]
[White "Seum, Ferdinand"]
[Black "Ishitsu, Mike"]
[Result "1/2-1/2"]
[WhiteElo "1772"]
[WhiteFideId "34624350"]
[BlackElo "1486"]
[BlackFideId "7007124"]
[Variant "Standard"]
[StudyName "ROpen 2025 - Rd4 - Boards 173-END"]
1. c4 e5 2. Nc3 d6 3. g3 f5 4. d4 Be7 5. Bg2 Nf6 6. dxe5 dxe5 7. Qxd8+ Bxd8 8. b3 c6 9. e4 Ba5 10. Bd2 f4 11. gxf4 exf4 12. h4 O-O 13. Nge2 Ng4 14. f3 Ne3 15. Bxe3 fxe3 16. O-O-O Nd7 17. Kc2 Ne5 18. Rhf1 Be6 19. Na4 b5 20. Rd6 Bf7 21. cxb5 cxb5 22. Nac3 Rac8 23. Kb2 b4 24. Nd5 Nd3+ 25. Kb1 Bxd5 26. Rxd5 Nc5 27. Bh3 Rc7 28. Nd4 Bb6 29. Rd1 Kh8 30. Ne6 Nxe6 31. Bxe6 Re7 32. Bg4 Ree8 33. Kc2 Rd8 34. Rxd8 Bxd8 35. Kd3 Bb6 36. Kc4 a5 37. Kb5 Rb8 38. Kc6 Bd8 39. Re1 Bb6 40. f4 Bd4 41. Rd1 Bc3 42. Rd5 Ra8 43. Kb7 Rf8 44. Rxa5 h6 45. f5 Re8 46. Ra8 Rxa8 47. Kxa8 Kg8 48. Kb7 Kf7 49. Kc6 Kf6 50. Kd5 Bb2 51. Be2 Bc3 52. Bf3 Bb2 53. Kc4 Bc3 54. a3 Be1 55. axb4 Bxh4 56. Kd5 Bg3 57. b5 Kg5 58. b6 h5 59. b7 Bb8 60. Kd4 Ba7+ 61. Kd3 h4 62. b4 Kf4 63. Ke2 h3 64. b5 h2 65. Bh1 Bb8 66. Bf3 Ba7 67. Bg2 Bb8 68. Bh1 1/2-1/2

[Event "Reykjavik Open 2025"]
[Site "Reykjavik"]
[Date "2025.04.11"]
[Round "4.176"]
[White "Standal, Egil Arne"]
[Black "Dickson, Eric"]
[Result "1/2-1/2"]
[WhiteElo "1766"]
[WhiteFideId "1506978"]
[BlackElo "1475"]
[BlackFideId "30947820"]
[Variant "Standard"]
[StudyName "ROpen 2025 - Rd4 - Boards 173-END"]
1. e4 c5 2. Nf3 d6 3. d4 cxd4 4. Nxd4 Nf6 5. Nc3 a6 6. Bc4 Qc7 7. Bb3 e6 8. Be3 Be7 9. Qe2 O-O 10. O-O-O b5 11. Qd3 Nbd7 12. f3 Nc5 13. Qd2 b4 14. Nce2 a5 15. Nb5 Nxb3+ 16. axb3 Qb7 17. Nxd6 Bxd6 18. Qxd6 Ra6 19. Qd4 Qc7 20. Bf4 Qb7 21. Kd2 Rc6 22. Rc1 Qa8 23. Rhd1 Ba6 24. Ke1 Rfc8 25. Rd2 Bxe2 26. Kxe2 h6 27. Bxh6 Qa6+ 28. Kf2 e5 29. Qxe5 gxh6 30. Qg3+ Kh7 31. Qf4 Qb6+ 32. Kf1 Qb5+ 33. Kf2 Qc5+ 34. Ke2 Qb5+ 35. Kf2 Qc5+ 36. Ke2 Qb5+ 37. Kf2 1/2-1/2

[Event "Reykjavik Open 2025"]
[Site "Reykjavik"]
[Date "2025.04.11"]
[Round "4.181"]
[White "Villamar, Eros"]
[Black "Birkisson, Bardur Orn"]
[Result "0-1"]
[WhiteElo "1747"]
[WhiteFideId "2645866"]
[BlackElo "2342"]
[BlackTitle "FM"]
[BlackFideId "2310597"]
[Variant "Standard"]
[StudyName "ROpen 2025 - Rd4 - Boards 173-END"]
1. e4 c5 2. Nf3 Nc6 3. Nc3 e5 4. Bb5 d6 5. d3 Nf6 6. Bg5 Be7 7. Qd2 O-O 8. Bxf6 Bxf6 9. Nd5 Be6 10. Bxc6 bxc6 11. Nxf6+ Qxf6 12. Qg5 Qxg5 13. Nxg5 Bd7 14. c4 Rfb8 15. Rb1 f6 16. Nf3 Be6 17. Nd2 a5 18. Ke2 Rb7 19. b3 g6 20. f3 f5 21. h3 f4 22. Rhc1 g5 23. Rg1 Kf7 24. Rh1 Kf6 25. Rb2 h5 26. Kf2 Rg8 27. Rbb1 Rbg7 28. Rbg1 Ra7 29. a4 Rd7 30. Rc1 Rdg7 31. Rcg1 Ke7 32. g4 fxg3+ 33. Rxg3 h4 34. Rgg1 d5 35. cxd5 cxd5 36. Rc1 Rc8 37. exd5 Bxd5 38. Rhe1 Kf6 39. Ne4+ Bxe4 40. dxe4 Rd7 41. Red1 Rd4 42. Ke2 Ke6 43. Rc3 g4 44. fxg4 Rxe4+ 45. Re3 Rd4 46. Rf1 Kd5 47. g5 Rf4 48. Rxf4 exf4 49. Re7 Rg8 50. Kf3 Rxg5 51. Kxf4 Rg3 52. Re3 Rxe3 53. Kxe3 Ke5 54. Kd3 Kf4 55. Kd2 Ke4 56. Kc3 Kf3 57. Kd3 Kg3 58. Ke3 Kxh3 59. Kf3 Kh2 60. Kf2 Kh1 61. Kf1 h3 62. Kf2 Kh2 63. Kf1 Kg3 64. Kg1 Kf3 0-1

[Event "Reykjavik Open 2025"]
[Site "Reykjavik"]
[Date "2025.04.11"]
[Round "4.182"]
[White "Zamvar, Vipin"]
[Black "Haertig, Jens"]
[Result "0-1"]
[WhiteElo "1733"]
[WhiteFideId "2403749"]
[BlackElo "2149"]
[BlackFideId "24602558"]
[Variant "Standard"]
[StudyName "ROpen 2025 - Rd4 - Boards 173-END"]
1. d4 Nf6 2. Bf4 e6 3. e3 b6 4. Nf3 Bb7 5. c4 Bb4+ 6. Nfd2 O-O 7. a3 Be7 8. Nf3 d5 9. Nbd2 Nbd7 10. Be2 Nh5 11. Bg3 Nxg3 12. hxg3 c5 13. Qc2 g6 14. O-O Rc8 15. Qb3 Bf6 16. cxd5 exd5 17. Rac1 Qe7 18. Bb5 Rfd8 19. Bxd7 Rxd7 20. Rfe1 Rdc7 21. Qa2 c4 22. Nb1 b5 23. Nc3 Bc6 24. b4 a5 25. Qb2 Ra7 26. Rb1 Qe8 27. Qc1 axb4 28. axb4 Qf8 29. Re2 Rca8 30. Reb2 Qd6 31. Qd1 Bg7 32. Qe1 Ra3 33. Qd1 Rxc3 0-1

[Event "Reykjavik Open 2025"]
[Site "Reykjavik"]
[Date "2025.04.11"]
[Round "4.183"]
[White "Gulyas, Adam Ferenc"]
[Black "Le Pen, Steven"]
[Result "0-1"]
[WhiteElo "1722"]
[WhiteFideId "2330059"]
[BlackElo "2125"]
[BlackFideId "612197"]
[Variant "Standard"]
[StudyName "ROpen 2025 - Rd4 - Boards 173-END"]
1. e4 c6 2. d4 d5 3. f3 dxe4 4. fxe4 e5 5. Nf3 Bg4 6. Bc4 Nd7 7. O-O Ngf6 8. c3 Bd6 9. Bg5 Qc7 10. h3 Bh5 11. Nbd2 O-O 12. Qc2 Rfe8 13. Nh4 b5 14. Bb3 Bg6 15. Nf5 Bxf5 16. Rxf5 exd4 17. cxd4 Qb6 18. Kh1 Qxd4 19. Qxc6 Bb4 20. Rd1 Ne5 21. Bxf6 Nxc6 22. Bxd4 Nxd4 23. Bxf7+ Kh8 24. Bxe8 Nxf5 25. Bc6 Rc8 26. Bxb5 Ne3 27. Re1 Bxd2 28. Re2 Rc1+ 29. Kh2 Nf1+ 30. Kg1 Ng3+ 31. Kf2 Nxe2 32. Kxe2 Bf4 33. Kf3 Be5 34. b3 g6 35. a4 Kg7 36. Bc4 Kf6 37. g4 a5 38. Kg2 g5 39. Kf3 Bf4 40. Bd5 Rc3+ 41. Kg2 Rg3+ 0-1

[Event "Reykjavik Open 2025"]
[Site "Reykjavik"]
[Date "2025.04.11"]
[Round "4.184"]
[White "Aeschbacher, Gregoire"]
[Black "Pisan, Kai"]
[Result "0-1"]
[WhiteElo "1717"]
[WhiteFideId "651084821"]
[BlackElo "2020"]
[BlackFideId "39904881"]
[Variant "Standard"]
[StudyName "ROpen 2025 - Rd4 - Boards 173-END"]
1. e4 c5 2. Nf3 d6 3. h3 Nf6 4. c3 Nc6 5. Bd3 e5 6. Bc2 g6 7. O-O Bg7 8. d4 exd4 9. cxd4 cxd4 10. Nxd4 O-O 11. Nf3 d5 12. Nc3 dxe4 13. Nxe4 Nxe4 14. Bxe4 Qb6 15. Rb1 Be6 16. Be3 Qa6 17. Bxc6 bxc6 18. Nd4 Rfd8 19. Rc1 Bc4 20. Re1 c5 21. Rxc4 Qxc4 22. Qc2 Rxd4 0-1

[Event "Reykjavik Open 2025"]
[Site "Reykjavik"]
[Date "2025.04.11"]
[Round "4.185"]
[White "Liu, Meng"]
[Black "Brynjarsson, Orvar Holm"]
[Result "1-0"]
[WhiteElo "2079"]
[WhiteFideId "8620644"]
[BlackElo "1717"]
[BlackFideId "2321726"]
[Variant "Standard"]
[StudyName "ROpen 2025 - Rd4 - Boards 173-END"]
1. d4 Nf6 2. c4 e6 3. g3 c5 4. Nf3 cxd4 5. Nxd4 d5 6. Bg2 e5 7. Nf3 d4 8. O-O Nc6 9. e3 Bg4 10. Qb3 Be7 11. Qxb7 Rc8 12. Nxd4 Nxd4 13. exd4 exd4 14. b3 O-O 15. Nd2 Rc7 16. Qb5 Rc5 17. Qa6 Rc7 18. Ba3 Re8 19. Rfe1 d3 20. Qa5 Bxa3 21. Rxe8+ Nxe8 22. Qxa3 Re7 23. h3 Re2 24. hxg4 Rxd2 25. Qxa7 Nf6 26. Bf3 Rc2 27. Rd1 d2 28. Qe3 Rxa2 29. g5 Ne8 30. Bd5 Kf8 1-0

[Event "Reykjavik Open 2025"]
[Site "Reykjavik"]
[Date "2025.04.11"]
[Round "4.186"]
[White "Mrozowski, Nikodem"]
[Black "Fjeldsted, Andres"]
[Result "1-0"]
[WhiteElo "1984"]
[WhiteFideId "41801733"]
[BlackElo "1704"]
[BlackFideId "2321378"]
[Variant "Standard"]
[StudyName "ROpen 2025 - Rd4 - Boards 173-END"]
1. e4 e6 2. d4 d5 3. e5 c5 4. c3 Qb6 5. Nf3 h6 6. a3 Bd7 7. Bd3 Na6 8. Qe2 Rc8 9. O-O Nc7 10. dxc5 Qxc5 11. Be3 Qe7 12. Bxa7 Qd8 13. Nd4 Ne7 14. Bc5 Nc6 15. Bxf8 Kxf8 16. f4 g6 17. Nd2 Ne7 18. Kh1 Ne8 19. N2f3 Ng7 20. Rfc1 Nh5 21. g3 Nf5 22. Bxf5 gxf5 23. b4 Rg8 24. Nd2 Ng7 25. a4 h5 26. h4 Rh8 27. N2b3 Rc4 28. b5 Qb8 29. a5 Ke7 30. Nd2 Rc5 31. c4 dxc4 32. N2b3 Rd5 33. Qxc4 Rc8 34. Qb4+ Ke8 35. Rxc8+ Qxc8 36. a6 Qa8 37. a7 b6 38. Nc6 Bxc6 39. bxc6 Qxc6 40. a8=Q+ 1-0

[Event "Reykjavik Open 2025"]
[Site "Reykjavik"]
[Date "2025.04.11"]
[Round "4.187"]
[White "Sharf, Sam"]
[Black "Wiesebach, Wolfgang"]
[Result "1-0"]
[WhiteElo "1702"]
[WhiteFideId "39900380"]
[BlackElo "1971"]
[BlackFideId "4677196"]
[Variant "Standard"]
[StudyName "ROpen 2025 - Rd4 - Boards 173-END"]
1. d4 Nf6 2. c4 e5 3. dxe5 Ng4 4. Nf3 Bc5 5. e3 Nc6 6. Be2 Ngxe5 7. Nxe5 Nxe5 8. Nc3 O-O 9. O-O Re8 10. b3 a5 11. Bb2 Ra6 12. Ne4 Bf8 13. Qd5 Rae6 14. c5 c6 15. Qd4 Rh6 16. Nd6 Ree6 17. f4 Bxd6 18. cxd6 c5 19. Qc3 Qh4 20. h3 Reg6 21. e4 Rg3 22. Qxe5 Rxg2+ 23. Kxg2 Qxh3+ 24. Kf2 Qh2+ 25. Ke1 Qg3+ 26. Kd2 Re6 27. Qxg7+ 1-0

[Event "Reykjavik Open 2025"]
[Site "Reykjavik"]
[Date "2025.04.11"]
[Round "4.188"]
[White "Skettos, Nicolas"]
[Black "Noer, Andreas"]
[Result "1-0"]
[WhiteElo "1983"]
[WhiteFideId "5900670"]
[BlackElo "1701"]
[BlackFideId "1571095"]
[Variant "Standard"]
[StudyName "ROpen 2025 - Rd4 - Boards 173-END"]
1. d4 f5 2. Nc3 Nf6 3. Bg5 d5 4. Bxf6 exf6 5. e3 Be6 6. Bd3 Be7 7. Qf3 Qd7 8. Nge2 Nc6 9. Nf4 Bb4 10. Nxe6 Qxe6 11. Bxf5 Qf7 12. O-O Rd8 13. Nb5 a6 14. Nc3 g6 15. Bd3 O-O 16. Nxd5 Bd6 17. Bc4 Kh8 18. a3 Ne7 19. e4 c6 20. Ne3 Qg7 21. c3 c5 22. dxc5 Bxc5 23. Rad1 Bd6 24. Be6 f5 25. Nc4 fxe4 26. Qxe4 Bc7 27. Rxd8 Rxd8 28. Qxb7 Nd5 29. Bxd5 1-0

[Event "Reykjavik Open 2025"]
[Site "Reykjavik"]
[Date "2025.04.11"]
[Round "4.189"]
[White "Wittkowski, Ralf"]
[Black "Johannsson, Markus Orri"]
[Result "0-1"]
[WhiteElo "1701"]
[WhiteFideId "12959812"]
[BlackElo "1969"]
[BlackFideId "2318539"]
[Variant "Standard"]
[StudyName "ROpen 2025 - Rd4 - Boards 173-END"]
1. e4 c5 2. d4 cxd4 3. c3 dxc3 4. Nxc3 Nc6 5. Nf3 g6 6. Bc4 a6 7. O-O Bg7 8. Qe2 e6 9. Bg5 Qc7 10. Rfd1 b5 11. Bxb5 axb5 12. Nxb5 Qb6 13. Nd6+ Kf8 14. e5 Ba6 15. Qe1 h6 16. Be3 Qa5 17. Bd2 Qb6 18. a3 Nge7 19. b4 Nxe5 20. Nxe5 Qxd6 21. Bc3 Qc7 22. Nxd7+ Kg8 23. Bxg7 Kxg7 24. Rac1 Qf4 25. g3 Qf3 26. Qe5+ f6 27. Qxe6 Rhe8 28. Nc5 Bc8 29. Nd7 Bb7 30. Kf1 Qg2+ 31. Ke1 Nd5 32. Nc5 Rxe6+ 33. Nxe6+ Kf7 34. Nc5 Re8+ 35. Kd2 Qxf2+ 36. Kd3 Qe2+ 37. Kd4 Nb6 38. Nxb7 Qe3# 0-1

[Event "Reykjavik Open 2025"]
[Site "Reykjavik"]
[Date "2025.04.11"]
[Round "4.191"]
[White "Hildebrandt, Paul"]
[Black "Frey, Charles F"]
[Result "0-1"]
[WhiteElo "1587"]
[WhiteFideId "34643702"]
[BlackElo "1871"]
[BlackFideId "2027755"]
[Variant "Standard"]
[StudyName "ROpen 2025 - Rd4 - Boards 173-END"]
1. e4 Nf6 2. e5 Nd5 3. d4 d6 4. c4 Nb6 5. Nf3 Bg4 6. exd6 exd6 7. h3 Bh5 8. b3 Be7 9. Be2 O-O 10. O-O Bf6 11. Bb2 c5 12. Na3 Nc6 13. Nc2 Re8 14. g4 Bg6 15. Bd3 Bxd3 16. Qxd3 g6 17. Rfe1 Qd7 18. Rad1 Rxe1+ 19. Rxe1 Re8 20. Rxe8+ Qxe8 21. Nd2 Bg7 22. Ne4 Qe7 23. f4 Nd7 24. Kg2 Nf6 25. Nxf6+ Qxf6 26. d5 Qxb2 27. dxc6 bxc6 28. a4 d5 29. Kf3 Bc3 30. cxd5 cxd5 31. Ne3 d4 32. Nd1 Qh2 33. Nxc3 Qxh3+ 34. Ke4 Qxd3+ 35. Kxd3 dxc3 36. Kxc3 h5 37. gxh5 gxh5 38. b4 cxb4+ 39. Kxb4 h4 0-1

[Event "Reykjavik Open 2025"]
[Site "Reykjavik"]
[Date "2025.04.11"]
[Round "4.192"]
[White "Proudfoot, Andy"]
[Black "Urbaniak, Andreas"]
[Result "1-0"]
[WhiteElo "1568"]
[WhiteFideId "487910"]
[BlackElo "1754"]
[BlackFideId "24685020"]
[Variant "Standard"]
[StudyName "ROpen 2025 - Rd4 - Boards 173-END"]
1. d4 Nf6 2. Nf3 e6 3. e3 d5 4. Bd3 Bd6 5. b3 Nbd7 6. Bb2 O-O 7. Nbd2 Re8 8. Ne5 c5 9. O-O Nb6 10. f4 Nfd7 11. Bxh7+ Kf8 12. Bd3 Nf6 13. Ndf3 c4 14. bxc4 1-0

[Event "Reykjavik Open 2025"]
[Site "Reykjavik"]
[Date "2025.04.11"]
[Round "4.193"]
[White "Jacobs, Simon"]
[Black "Sverrisson, Dagur"]
[Result "1-0"]
[WhiteElo "1754"]
[WhiteFideId "343440673"]
[BlackElo "1444"]
[BlackFideId "2326175"]
[Variant "Standard"]
[StudyName "ROpen 2025 - Rd4 - Boards 173-END"]
1. e4 e5 2. Nf3 Nc6 3. Nc3 Nf6 4. d4 Bb4 5. Nxe5 Nxe5 6. dxe5 Nxe4 7. Qg4 Nxc3 8. Qxb4 Nd5 9. Qg4 O-O 10. Bh6 g6 11. Bxf8 Qxf8 12. Qd4 Nb4 13. Bd3 Nc6 14. Qc3 d6 15. exd6 Qxd6 16. O-O-O Nb4 17. Kb1 Nd5 18. Qb3 Be6 19. Bc4 c6 20. Bxd5 Bxd5 21. Qd3 Qe6 22. b3 Bxg2 23. Rhe1 Qf6 24. Qe3 Bd5 25. Rd4 Be6 26. Qf4 Bf5 27. Qd2 Kg7 28. Rd6 Be6 29. Qd4 Re8 30. Qxf6+ Kxf6 31. Kc1 Ke7 32. Rd4 Kf6 33. Ree4 Kf5 34. Kd2 c5 35. Rf4+ Kg5 36. h4+ Kh5 37. Rde4 g5 38. hxg5 Kxg5 39. Ke3 f5 40. Re5 Re7 41. Rf3 Kf6 42. Kf4 h5 43. Rh3 Rg7 44. f3 Rd7 45. Rxc5 b6 46. Rc6 Rd4+ 47. Ke3 Ke5 48. Rxe6+ Kd5 49. Rxh5 Rd1 50. Rf6 Ke5 51. Rhxf5# 1-0

[Event "Reykjavik Open 2025"]
[Site "Reykjavik"]
[Date "2025.04.11"]
[Round "4.197"]
[White "Arnarson, Erlingur"]
[Black "B. Berglindardottir, Emilia Embla"]
[Result "0-1"]
[WhiteElo "1438"]
[WhiteFideId "2329867"]
[BlackElo "1606"]
[BlackFideId "2318946"]
[Variant "Standard"]
[StudyName "ROpen 2025 - Rd4 - Boards 173-END"]
1. e4 e6 2. e5 d5 3. d4 c5 4. c3 Nc6 5. Nf3 cxd4 6. cxd4 Bb4+ 7. Nc3 Nge7 8. Bg5 h6 9. Bh4 g5 10. Bg3 Nf5 11. a3 Ba5 12. b4 Bb6 13. b5 Ncxd4 14. Na4 Ba5+ 15. Nd2 Nxg3 16. hxg3 Qc7 17. Rc1 Qxe5+ 18. Be2 Nxe2 19. Qxe2 Bxd2+ 20. Kxd2 Qxe2+ 21. Kxe2 Bd7 22. Nc3 Rc8 23. a4 a6 24. b6 f5 25. a5 Rc5 26. Na4 Rxc1 27. Rxc1 Bc6 28. Nc5 e5 29. Ne6 Kf7 30. Nc7 Rd8 31. Re1 e4 32. f4 g4 33. Rh1 Kg6 34. Ne6 Rc8 35. Nc5 Bb5+ 36. Ke3 Rxc5 37. Kd4 Rc4+ 38. Kxd5 Ra4 39. Ke5 Rxa5 40. Rd1 Ba4+ 0-1

[Event "Reykjavik Open 2025"]
[Site "Reykjavik, Iceland"]
[Date "2025.04.12"]
[Round "5.1"]
[White "Muradli, Mahammad"]
[Black "Gupta, Abhijeet"]
[Result "1-0"]
[WhiteElo "2588"]
[WhiteTitle "GM"]
[WhiteFideId "13409301"]
[BlackElo "2576"]
[BlackTitle "GM"]
[BlackFideId "5010608"]
[TimeControl "90+30 +30 after 40 moves"]
[Variant "Standard"]
[StudyName "Round 5"]
1. d4 { [%clk 1:25:27] } 1... Nf6 { [%clk 1:30:48] } 2. c4 { [%clk 1:25:46] } 2... g6 { [%clk 1:31:09] } 3. Nc3 { [%clk 1:26:09] } 3... d5 { [%clk 1:31:35] } 4. Nf3 { [%clk 1:26:25] } 4... Bg7 { [%clk 1:31:54] } 5. h4 { [%clk 1:26:42] } 5... c6 { [%clk 1:30:09] } 6. cxd5 { [%clk 1:24:38] } 6... cxd5 { [%clk 1:30:35] } 7. Bf4 { [%clk 1:24:53] } 7... Nc6 { [%clk 1:30:53] } 8. e3 { [%clk 1:25:16] } 8... O-O { [%clk 1:30:01] } 9. Qb3 { [%clk 1:25:33] } 9... a6 { [%clk 1:24:54] } 10. Rc1 { [%clk 1:22:11] } 10... Re8 { [%clk 1:21:15] } 11. Ne5 { [%clk 1:17:32] } 11... Na5 { [%clk 1:14:42] } 12. Qa3 { [%clk 1:14:28] } 12... Bf5 { [%clk 1:08:29] } 13. Be2 { [%clk 1:04:18] } 13... Rc8 { [%clk 1:05:32] } 14. Qb4 { [%clk 1:02:32] } 14... Bf8 { [%clk 0:59:23] } 15. O-O { [%clk 1:02:13] } 15... Nd7 { [%clk 0:50:12] } 16. Rfd1 { [%clk 0:49:51] } 16... f6 { [%clk 0:40:15] } 17. Nxd7 { [%clk 0:45:53] } 17... Bxd7 { [%clk 0:38:19] } 18. Nxd5 { [%clk 0:43:09] } 18... Rxc1 { [%clk 0:19:37] } 19. Rxc1 { [%clk 0:43:31] } 19... Bc6 { [%clk 0:19:57] } 20. Rc5 { [%clk 0:25:09] } 20... Bxd5 { [%clk 0:18:49] } 21. Bc7 { [%clk 0:22:22] } 21... Qd7 { [%clk 0:14:12] } 22. Qxa5 { [%clk 0:22:04] } 22... e6 { [%clk 0:14:25] } 23. Rc3 { [%clk 0:22:20] } 23... Rc8 { [%clk 0:12:33] } 24. a3 { [%clk 0:22:21] } 24... Be7 { [%clk 0:11:04] } 25. Bg3 { [%clk 0:20:23] } 25... f5 { [%clk 0:11:18] } 26. h5 { [%clk 0:16:48] } 26... g5 { [%clk 0:10:28] } 27. Be5 { [%clk 0:17:13] } 27... Kf7 { [%clk 0:10:19] } 28. g4 { [%clk 0:16:10] } 28... Bd8 { [%clk 0:07:52] } 29. Qb4 { [%clk 0:15:01] } 29... Be7 { [%clk 0:08:11] } 30. Qb6 { [%clk 0:14:15] } 30... fxg4 { [%clk 0:05:21] } 31. Rc7 { [%clk 0:01:26] } 31... Rxc7 { [%clk 0:05:02] } 32. Qxc7 { [%clk 0:01:54] } 32... Qxc7 { [%clk 0:03:08] } 33. Bxc7 { [%clk 0:02:22] } 33... Bf3 { [%clk 0:03:10] } 34. Bxf3 { [%clk 0:02:06] } 34... gxf3 { [%clk 0:03:37] } 35. Kh2 { [%clk 0:02:29] } 35... Kf6 { [%clk 0:03:01] } 36. e4 { [%clk 0:02:54] } 36... g4 { [%clk 0:03:08] } 37. Bf4 { [%clk 0:02:27] } 37... e5 { [%clk 0:03:31] } 38. dxe5+ { [%clk 0:00:45] } 38... Ke6 { [%clk 0:03:56] } 39. Kg3 { [%clk 0:01:03] } 39... Bc5 { [%clk 0:04:15] } 40. a4 { [%clk 0:00:37] } 40... b5 { [%clk 0:01:58] } 41. b3 { [%clk 0:28:45] } 41... Bd4 { [%clk 0:30:38] } 42. Kxg4 { [%clk 0:23:50] } 42... Bxf2 { [%clk 0:31:02] } 43. Kxf3 { [%clk 0:24:15] } 43... Bc5 { [%clk 0:31:17] } 44. Ke2 { [%clk 0:14:57] } 44... Bd4 { [%clk 0:29:36] } 45. Kd3 { [%clk 0:14:52] } 45... Bb2 { [%clk 0:29:22] } 46. Bg3 { [%clk 0:13:28] } 46... Ba1 { [%clk 0:29:03] } 47. Bh2 { [%clk 0:05:02] } 47... Bb2 { [%clk 0:28:01] } 48. Bg3 { [%clk 0:05:30] } 48... Ba1 { [%clk 0:28:23] } 49. Ke3 { [%clk 0:05:55] } 49... Bc3 { [%clk 0:27:41] } 50. Kf3 { [%clk 0:06:18] } 50... Bb4 { [%clk 0:27:02] } 51. Kg4 { [%clk 0:06:40] } 51... Be7 { [%clk 0:27:14] } 52. Bh2 { [%clk 0:03:31] } 52... Bd8 { [%clk 0:27:20] } 53. Bg3 { [%clk 0:03:43] } 53... Be7 { [%clk 0:27:34] } 54. Kf4 { [%clk 0:04:10] } 54... Bd8 { [%clk 0:24:13] } 55. Bf2 { [%clk 0:02:53] } 55... Ba5 { [%clk 0:20:10] } 56. Bg3 { [%clk 0:02:43] } 56... Bd8 { [%clk 0:20:04] } 57. Bf2 { [%clk 0:03:12] } 57... Ba5 { [%clk 0:20:29] } 58. Be3 { [%clk 0:03:23] } 58... Bc3 { [%clk 0:15:50] } 59. axb5 { [%clk 0:00:45] } 59... axb5 { [%clk 0:16:17] } 60. Kg5 { [%clk 0:00:33] } 60... Kxe5 { [%clk 0:16:41] } 61. Kh6 { [%clk 0:00:57] } 61... Kxe4 { [%clk 0:17:07] } 62. Bc5 { [%clk 0:00:57] } 62... b4 { [%clk 0:16:55] } 63. Kxh7 { [%clk 0:01:20] } 63... Kd3 { [%clk 0:17:22] } 64. Kg6 { [%clk 0:00:59] } 64... Kc2 { [%clk 0:17:49] } 65. h6 { [%clk 0:01:14] } 65... Kxb3 { [%clk 0:17:26] } 66. Bf8 { [%clk 0:01:09] } 1-0

[Event "Reykjavik Open 2025"]
[Site "Reykjavik, Iceland"]
[Date "2025.04.12"]
[Round "5.2"]
[White "Jacobson, Brandon"]
[Black "Maghsoodloo, Parham"]
[Result "0-1"]
[WhiteElo "2570"]
[WhiteTitle "GM"]
[WhiteFideId "30901561"]
[BlackElo "2684"]
[BlackTitle "GM"]
[BlackFideId "12539929"]
[TimeControl "90+30 +30 after 40 moves"]
[Variant "Standard"]
[StudyName "Round 5"]
1. e4 { [%clk 1:27:22] } 1... c5 { [%clk 1:30:21] } 2. Nf3 { [%clk 1:27:40] } 2... d6 { [%clk 1:29:29] } 3. d4 { [%clk 1:27:18] } 3... cxd4 { [%clk 1:29:50] } 4. Nxd4 { [%clk 1:27:43] } 4... Nf6 { [%clk 1:30:11] } 5. Nc3 { [%clk 1:28:08] } 5... a6 { [%clk 1:29:55] } 6. Be2 { [%clk 1:27:26] } 6... e5 { [%clk 1:28:17] } 7. Nb3 { [%clk 1:27:35] } 7... Be7 { [%clk 1:27:02] } 8. Be3 { [%clk 1:27:53] } 8... Be6 { [%clk 1:24:21] } 9. f4 { [%clk 1:27:12] } 9... b5 { [%clk 1:13:23] } 10. f5 { [%clk 1:21:25] } 10... Bd7 { [%clk 1:08:56] } 11. a3 { [%clk 0:51:54] } 11... Bc6 { [%clk 1:04:22] } 12. Bf3 { [%clk 0:52:13] } 12... a5 { [%clk 0:38:55] } 13. Qd3 { [%clk 0:41:20] } 13... Qd7 { [%clk 0:32:23] } 14. O-O { [%clk 0:36:23] } 14... O-O { [%clk 0:29:57] } 15. Rfd1 { [%clk 0:27:36] } 15... Qb7 { [%clk 0:26:06] } 16. g4 { [%clk 0:26:45] } 16... h6 { [%clk 0:25:04] } 17. h4 { [%clk 0:26:41] } 17... Nh7 { [%clk 0:24:15] } 18. Bf2 { [%clk 0:25:54] } 18... Nd7 { [%clk 0:22:44] } 19. Nd5 { [%clk 0:25:39] } 19... Bd8 { [%clk 0:17:37] } 20. Nd2 { [%clk 0:18:35] } 20... Nc5 { [%clk 0:14:54] } 21. Qe2 { [%clk 0:18:00] } 21... Rc8 { [%clk 0:14:13] } 22. b3 { [%clk 0:13:01] } 22... Bxd5 { [%clk 0:09:56] } 23. exd5 { [%clk 0:13:29] } 23... e4 { [%clk 0:09:55] } 24. Bg2 { [%clk 0:09:22] } 24... Re8 { [%clk 0:08:52] } 25. Bxc5 { [%clk 0:03:51] } 25... Rxc5 { [%clk 0:09:15] } 26. Nxe4 { [%clk 0:04:18] } 26... Rc8 { [%clk 0:03:39] } 27. Kh1 { [%clk 0:01:44] } 27... Bxh4 { [%clk 0:01:11] } 28. Rd3 { [%clk 0:00:36] } 28... Qe7 { [%clk 0:00:51] } 29. Re3 { [%clk 0:00:42] } 29... Bg5 { [%clk 0:00:43] } 30. Rh3 { [%clk 0:00:32] } 30... Nf6 { [%clk 0:00:54] } 31. Re1 { [%clk 0:00:51] } 31... Nxd5 { [%clk 0:00:38] } 32. Qxb5 { [%clk 0:00:39] } 32... Nc7 { [%clk 0:00:40] } 33. Qc6 { [%clk 0:00:33] } 33... d5 { [%clk 0:00:58] } 34. Rc3 { [%clk 0:00:36] } 34... Qf8 { [%clk 0:00:32] } 35. Qb7 { [%clk 0:00:33] } 35... Bf4 { [%clk 0:00:33] } 36. Rf3 { [%clk 0:00:41] } 36... Bg5 { [%clk 0:00:35] } 37. Rc3 { [%clk 0:01:02] } 37... Bf4 { [%clk 0:00:32] } 38. Rf3 { [%clk 0:01:26] } 38... Bd6 { [%clk 0:00:42] } 39. Nxd6 { [%clk 0:01:12] } 39... Rxe1+ { [%clk 0:01:07] } 40. Bf1 { [%clk 0:01:14] } 40... Rd8 { [%clk 0:01:27] } 0-1